000 00325nam a22001337a 4500
008 171124b xxu||||| |||| 00| 0 eng d
020 _a9780813524979
041 _aeng
080 _a316
100 _a51
101 _aSOC
245 _aFANTASIES OF FEMINITY: REFRAMING THE BOUNDARIES OF SEX
_cUSSHER, J.M
942 _2udc
_cBK
999 _c38500
_d38500